La misión del vicario apostólico don Juan Muzi: notas para la historia de Chile, 1823-1825

Uloženo v:
Podrobná bibliografie
Hlavní autor: Barros Borgoño, Luis (Autor)
Médium: Kniha
Jazyk:španělština
Vydáno: Santiago, Chile La Epoca 1883
Témata:
Tagy: Přidat tag
Žádné tagy, Buďte první, kdo vytvoří štítek k tomuto záznamu!

MARC

LEADER 00000nam a2200000 a 4500
001 UCO1541
003 CL-VaPUC
005 20230801151706.0
008 000519e18830000CL |||||||||||||||||spa|d
999 |c 288152  |d 288150 
040 |c Pontificia Universidad Católica de Valparaíso 
082 0 4 |a 983.04 BAR 1883  |2 21 
100 0 |a Barros Borgoño, Luis  |e author  |9 438232 
245 1 3 |a La misión del vicario apostólico don Juan Muzi:  |b  notas para la historia de Chile, 1823-1825 
260 |a Santiago, Chile  |b La Epoca  |c 1883 
300 |a 363 páginas 
583 |a last modification  |c 20000519 00:00:00  |k Rodrigo Vera 
650 7 |a HISTORIA DE CHILE  |2 CL-VaPUC  |9 443772  |y 1823-1825 
650 0 |a Independencia   |z CHILE  |9 344246 
650 0 |a Iglesia y Estado  |z CHILE  |9 254995 
852 |a BIBCUR 
942 |c BK  |2 ddc 
945 |d 20000519 00:00:00  |a crobeson 
952 |0 0  |1 0  |2 ddc  |4 0  |6 983_040000000000000_BAR_1883  |7 0  |8 X  |9 335566  |a BIBHIS  |b BIBHIS  |d 2019-11-20  |i 1276018  |o 983.04 BAR 1883  |p 1276018  |r 2019-11-20  |t 1  |w 2019-11-20  |y BK_X  |k HIS